Llamas de amar y poemas para amar / Isael Pérez (Registro nro. 11543)

Detalles MARC
000 -LEADER
fixed length control field 00476nam a22001811a 4500
001 - CONTROL NUMBER
control field 11543
003 - CONTROL NUMBER IDENTIFIER
control field OSt
005 - DATE AND TIME OF LATEST TRANSACTION
control field 20260204212247.0
008 - FIXED-LENGTH DATA ELEMENTS--GENERAL INFORMATION
fixed length control field 121206s2011||||dr ||||||b||||||||||spa||
020 ## - NUMERO DE LIBRO INTERNACIONAL NORMALIZADO
International Standard Book Number 9789945068156
050 ## - LIBRARY OF CONGRESS CALL NUMBER
Classification number RD 861.5 P415l
100 ## - ASIENTO PRINCIPAL -- NOMBRE PERSONAL
Personal name Pérez, Isael
245 ## - TÍTULO PROPIAMENTE DICHO: SUBTÍTULO
Title Llamas de amar y poemas para amar / Isael Pérez
264 ## - PRODUCTION, PUBLICATION, DISTRIBUTION, MANUFACTURE, AND COPYRIGHT NOTICE
Place of production, publication, distribution, manufacture Santo Domingo : Búho
300 ## - PHYSICAL DESCRIPTION
Extensión 87 p
650 ## - ASIENTO SECUNDARIO DE MATERIA -- TERMINO TEMÁTICO
Termino Temático Como Elemento de Entrada Poemas de Amar - Poemas - República DominicanaÌ
942 ## - ADDED ENTRY ELEMENTS (KOHA)
Source of classification or shelving scheme Dewey Decimal Classification
Koha item type Libros
Existencias
Withdrawn status Lost status Source of classification or shelving scheme Damaged status Not for loan Current library Date acquired Total Checkouts Full call number Barcode Date last seen Price effective from Koha item type
    Dewey Decimal Classification     Biblioteca UTECO 09/09/2019   RD 861.5 P415L 016597 09/09/2019 09/09/2019 Libros
© 2021 Derechos Reservados UTECO - Teléfono: +1 809-585-2291 - Correo electrónico: biblioteca@uteco.edu.do​  
Código postal 43000 ​​
Dirección: Avenida Universitaria No. 100, 
Cotuí, Provincia Sánchez Ramírez, República Dominicana - RNC: 404-00059-6